| 000 | 01056nam a22002177a 4500 | ||
|---|---|---|---|
| 003 | OSt | ||
| 005 | 20260122195131.0 | ||
| 008 | 230409b ||||| |||| 00| 0 eng d | ||
| 040 | _cOst | ||
| 041 | _ashan | ||
| 082 | _a808.4 | ||
| 245 |
_aမၢႆၵိုမ်းပီႊၵွၼ်းၶမ်းၵျွင်းလွႆၸေႃးတိဝဵင်းမိူင်းယၢင်း။ _cၸုမ်းၵေႃးပၵဝတ်ႉလွႆၸေႃးတိဝဵင်းမိူင်းယၢင်း ၶပ်းၶိုင်- |
||
| 260 |
_aတႃႈၵုင်ႈ _bမွၵ်ႇၵူႇသွႆႈလႅင် _c2003 |
||
| 300 |
_a197 ၼႃႈ _bၶႅပ်းႁၢင်ႈ _c24 ၸိၼ်ႇထီႇ |
||
| 500 | _aS-SAT: Dr. Prof Sai Aung Tun | ||
| 500 | _aပပ်ႉၸဝ်ႈတႃႇၼႁင်းၶေႃႈ တွၵ်ႉတိူဝ်ႇၸၢႆးဢွင်ႇထုၼ်း။ | ||
| 650 |
_aလိၵ်ႈႁွမ်တွမ် _920801 |
||
| 942 | _cBK1 | ||
| 942 | _2ddc | ||
| 942 | _2ddc | ||
| 999 |
_c23814 _d23814 |
||